[Event "Prague Open 2022 - A IM Open"]
[Site "Olympik hotel, Prague"]
[Date "2022.01.09"]
[Round "4"]
[Board "3"]
[White "Neuman, Petr"]
[Black "Vojta, Jakub"]
[Result "0-1"]
[WhiteElo "2402"]
[BlackElo "2216"]
[PlyCount "0"]
[EventDate "2022.01.07"]
[EventRounds "9"]
[EventCountry "CZE"]

1. c4 {[%clk 1:30:53]} Nf6 {[%clk 1:30:50]} 2. Nc3 {[%clk 1:31:10]} e5
{[%clk 1:31:16]} 3. e3 {[%clk 1:31:27]} d5 {[%clk 1:30:56]} 4. cxd5
{[%clk 1:31:35]} Nxd5 {[%clk 1:31:20]} 5. Nf3 {[%clk 1:31:51]} Nc6
{[%clk 1:31:45]} 6. d3 {[%clk 1:31:24]} Be7 {[%clk 1:27:13]} 7. Be2
{[%clk 1:31:40]} Be6 {[%clk 1:26:57]} 8. O-O {[%clk 1:31:56]} O-O
{[%clk 1:27:08]} 9. Qc2 {[%clk 1:31:11]} f5 {[%clk 1:24:31]} 10. Bd2
{[%clk 1:24:15]} Nb6 {[%clk 1:10:11]} 11. a3 {[%clk 1:13:29]} g5 {[%clk 1:08:13]}
12. Rfd1 {[%clk 0:54:19]} g4 {[%clk 1:06:17]} 13. Ne1 {[%clk 0:54:44]} a5
{[%clk 0:56:03]} 14. b3 {[%clk 0:41:13]} h5 {[%clk 0:55:42]} 15. Na4
{[%clk 0:38:56]} Nxa4 {[%clk 0:44:19]} 16. bxa4 {[%clk 0:39:18]} Bd6
{[%clk 0:41:34]} 17. Rab1 {[%clk 0:36:35]} Ra7 {[%clk 0:40:10]} 18. Rb5
{[%clk 0:35:08]} Bxa3 {[%clk 0:37:35]} 19. d4 {[%clk 0:34:24]} exd4
{[%clk 0:33:48]} 20. Bc4 {[%clk 0:34:38]} Qe7 {[%clk 0:25:41]} 21. e4
{[%clk 0:21:31]} Bxc4 {[%clk 0:22:20]} 22. Qxc4+ {[%clk 0:21:47]} Qf7
{[%clk 0:22:39]} 23. Qxf7+ {[%clk 0:20:32]} Rxf7 {[%clk 0:23:01]} 24. exf5
{[%clk 0:20:55]} b6 {[%clk 0:21:04]} 25. Nd3 {[%clk 0:19:12]} Ne7
{[%clk 0:19:49]} 26. f6 {[%clk 0:18:50]} Rxf6 {[%clk 0:19:51]} 27. Rxh5
{[%clk 0:19:10]} c5 {[%clk 0:19:02]} 28. Rh4 {[%clk 0:17:32]} c4 {[%clk 0:14:57]}
29. Ne5 {[%clk 0:16:36]} c3 {[%clk 0:12:05]} 30. Rxg4+ {[%clk 0:17:01]} Kh7
{[%clk 0:12:09]} 31. Bc1 {[%clk 0:11:17]} Bxc1 {[%clk 0:07:00]} 32. Rxc1
{[%clk 0:11:45]} Rf5 {[%clk 0:05:06]} 33. Nf3 {[%clk 0:10:47]} Rxf3
{[%clk 0:05:22]} 34. gxf3 {[%clk 0:11:01]} Rd7 {[%clk 0:05:48]} 35. f4
{[%clk 0:08:15]} Nf5 {[%clk 0:05:03]}  0-1

[Event "Prague Open 2022 - A IM Open"]
[Site "Olympik hotel, Prague"]
[Date "2022.01.09"]
[Round "4"]
[Board "4"]
[White "Van Osch, Mees"]
[Black "Haring, Filip"]
[Result "0-1"]
[WhiteElo "2366"]
[BlackElo "2398"]
[PlyCount "0"]
[EventDate "2022.01.07"]
[EventRounds "9"]
[EventCountry "CZE"]

1. e4 {[%clk 1:30:58]} c5 {[%clk 1:30:54]} 2. Nf3 {[%clk 1:31:23]} Nc6
{[%clk 1:31:00]} 3. d4 {[%clk 1:31:41]} cxd4 {[%clk 1:31:24]} 4. Nxd4
{[%clk 1:32:04]} e5 {[%clk 1:31:27]} 5. Nb5 {[%clk 1:32:14]} d6 {[%clk 1:31:44]}
6. N1c3 {[%clk 1:30:36]} a6 {[%clk 1:31:51]} 7. Na3 {[%clk 1:31:00]} Be6
{[%clk 1:32:04]} 8. Nc4 {[%clk 1:30:50]} Rb8 {[%clk 1:31:47]} 9. g3
{[%clk 1:26:31]} h5 {[%clk 1:24:01]} 10. h4 {[%clk 1:16:34]} Nd4 {[%clk 1:17:15]}
11. Ne3 {[%clk 1:15:04]} g6 {[%clk 1:16:59]} 12. Bg2 {[%clk 1:11:52]} Bh6
{[%clk 1:17:00]} 13. Ncd5 {[%clk 1:07:55]} Bxd5 {[%clk 1:15:15]} 14. Nxd5
{[%clk 1:06:40]} Bxc1 {[%clk 1:14:46]} 15. Rxc1 {[%clk 1:06:15]} Nf6
{[%clk 1:14:22]} 16. Nxf6+ {[%clk 0:57:31]} Qxf6 {[%clk 1:13:19]} 17. c3
{[%clk 0:57:59]} Nc6 {[%clk 1:12:39]} 18. O-O {[%clk 0:58:23]} g5
{[%clk 1:00:51]} 19. hxg5 {[%clk 0:30:45]} Qxg5 {[%clk 1:01:02]} 20. Qxd6
{[%clk 0:31:00]} h4 {[%clk 1:01:13]} 21. Rcd1 {[%clk 0:31:08]} Rd8
{[%clk 0:50:50]} 22. Qc7 {[%clk 0:31:15]} hxg3 {[%clk 0:50:44]} 23. Rxd8+
{[%clk 0:28:12]} Nxd8 {[%clk 0:51:05]} 24. Rd1 {[%clk 0:24:37]} gxf2+
{[%clk 0:50:32]} 25. Kxf2 {[%clk 0:25:02]} Qf4+ {[%clk 0:30:15]} 26. Kg1
{[%clk 0:24:08]} Qh2+ {[%clk 0:30:27]} 27. Kf1 {[%clk 0:24:16]} Ne6
{[%clk 0:29:39]} 28. Qb8+ {[%clk 0:10:40]} Ke7 {[%clk 0:30:02]} 29. Qxb7+
{[%clk 0:11:06]} Kf8 {[%clk 0:24:48]} 30. Qb8+ {[%clk 0:05:54]} Kg7
{[%clk 0:24:51]} 31. Qb6 {[%clk 0:06:21]} Rh6 {[%clk 0:19:55]} 32. Rd2
{[%clk 0:03:08]} Nd4 {[%clk 0:19:14]} 33. Qb8 {[%clk 0:02:26]} Qf4+
{[%clk 0:19:27]} 34. Kg1 {[%clk 0:02:28]} Qe3+ {[%clk 0:13:33]} 35. Rf2
{[%clk 0:02:31]} Qe1+ {[%clk 0:13:18]} 36. Bf1 {[%clk 0:02:41]} Rg6+
{[%clk 0:13:43]} 37. Kh1 {[%clk 0:01:28]} Qxf2 {[%clk 0:12:18]} 38. Qxe5+
{[%clk 0:01:53]} Kh7 {[%clk 0:12:32]} 39. Qh2+ {[%clk 0:01:55]} Rh6
{[%clk 0:12:37]}  0-1

[Event "Prague Open 2022 - A IM Open"]
[Site "Olympik hotel, Prague"]
[Date "2022.01.09"]
[Round "4"]
[Board "5"]
[White "Carlsson, Ludvig"]
[Black "Urkedal, Frode Olav Olsen"]
[Result "1-0"]
[WhiteElo "2355"]
[BlackElo "2553"]
[PlyCount "0"]
[EventDate "2022.01.07"]
[EventRounds "9"]
[EventCountry "CZE"]

1. d4 {[%clk 1:30:43]} Nf6 {[%clk 1:15:57]} 2. c4 {[%clk 1:31:03]} e6
{[%clk 1:16:24]} 3. Nc3 {[%clk 1:31:18]} Bb4 {[%clk 1:16:47]} 4. Qc2
{[%clk 1:31:40]} d5 {[%clk 1:17:09]} 5. a3 {[%clk 1:31:56]} Bxc3+
{[%clk 1:17:33]} 6. Qxc3 {[%clk 1:32:21]} O-O {[%clk 1:17:49]} 7. Bg5
{[%clk 1:32:43]} c5 {[%clk 1:16:28]} 8. dxc5 {[%clk 1:32:49]} d4 {[%clk 1:16:52]}
9. Qf3 {[%clk 1:33:13]} e5 {[%clk 1:15:13]} 10. Bxf6 {[%clk 1:30:58]} Qxf6
{[%clk 1:15:10]} 11. Qxf6 {[%clk 1:31:20]} gxf6 {[%clk 1:15:35]} 12. e3
{[%clk 1:29:17]} dxe3 {[%clk 1:13:39]} 13. fxe3 {[%clk 1:29:36]} a5
{[%clk 1:14:02]} 14. O-O-O {[%clk 1:21:38]} Be6 {[%clk 1:09:54]} 15. Rd6
{[%clk 1:04:04]} Rc8 {[%clk 1:07:24]} 16. Ne2 {[%clk 1:02:11]} Nd7
{[%clk 0:52:30]} 17. Nc3 {[%clk 0:58:49]} Nxc5 {[%clk 0:50:40]} 18. Be2
{[%clk 0:57:20]} Kf8 {[%clk 0:45:56]} 19. Rhd1 {[%clk 0:54:38]} Ke7
{[%clk 0:37:28]} 20. Rb6 {[%clk 0:44:17]} Ra6 {[%clk 0:32:57]} 21. Rxa6
{[%clk 0:42:05]} Nxa6 {[%clk 0:31:16]} 22. b3 {[%clk 0:40:51]} Rd8
{[%clk 0:26:26]} 23. Rxd8 {[%clk 0:39:37]} Kxd8 {[%clk 0:26:49]} 24. Kc2
{[%clk 0:36:20]} f5 {[%clk 0:25:08]} 25. Bf3 {[%clk 0:34:40]} e4 {[%clk 0:23:20]}
26. Be2 {[%clk 0:31:55]} Ke7 {[%clk 0:19:52]} 27. Nb5 {[%clk 0:27:33]} Kf6
{[%clk 0:19:29]} 28. Kc3 {[%clk 0:27:42]} Ke5 {[%clk 0:19:40]} 29. g3
{[%clk 0:28:06]} Bd7 {[%clk 0:16:59]} 30. Nd4 {[%clk 0:28:19]} b6
{[%clk 0:16:23]} 31. b4 {[%clk 0:26:45]} axb4+ {[%clk 0:16:48]} 32. axb4
{[%clk 0:27:10]} Nc7 {[%clk 0:16:40]} 33. Bh5 {[%clk 0:25:32]} Be6
{[%clk 0:13:41]} 34. Bd1 {[%clk 0:23:54]} Kd6 {[%clk 0:12:51]} 35. Ba4
{[%clk 0:24:00]} Na6 {[%clk 0:12:41]} 36. Be8 {[%clk 0:23:50]} Ke5
{[%clk 0:09:15]} 37. Nb5 {[%clk 0:20:33]} h6 {[%clk 0:03:13]} 38. Nd4
{[%clk 0:17:21]} Nc7 {[%clk 0:02:57]} 39. Ba4 {[%clk 0:17:44]} Bc8
{[%clk 0:01:47]} 40. Bb3 {[%clk 0:10:11]} Na6 {[%clk 0:01:35]} 41. Ne2
{[%clk 0:10:27]} Nc7 {[%clk 0:20:14]} 42. Nf4 {[%clk 0:40:46]} Be6
{[%clk 0:13:46]} 43. Bd1 {[%clk 0:40:14]} Kd6 {[%clk 0:10:58]} 44. Be2
{[%clk 0:40:10]} Ke5 {[%clk 0:08:56]} 45. Nh3 {[%clk 0:40:30]} Kd6
{[%clk 0:08:42]} 46. Bh5 {[%clk 0:34:58]} Ke5 {[%clk 0:08:40]} 47. Nf4
{[%clk 0:35:03]} Na6 {[%clk 0:08:40]} 48. Be2 {[%clk 0:34:13]} Nc7
{[%clk 0:08:52]} 49. c5 {[%clk 0:33:05]} b5 {[%clk 0:09:19]} 50. Bd1
{[%clk 0:32:37]} Bc4 {[%clk 0:07:56]} 51. Bh5 {[%clk 0:29:06]} Be6
{[%clk 0:04:46]} 52. Be2 {[%clk 0:29:16]} Bd7 {[%clk 0:04:01]} 53. Bd1
{[%clk 0:25:58]} Bc8 {[%clk 0:04:21]} 54. Bb3 {[%clk 0:25:47]} Be6
{[%clk 0:04:47]} 55. Kb2 {[%clk 0:24:22]} Kf6 {[%clk 0:04:52]} 56. Kc2
{[%clk 0:24:43]} Ke5 {[%clk 0:05:08]} 57. Kc3 {[%clk 0:24:50]} Na6
{[%clk 0:00:56]} 58. Ne2 {[%clk 0:23:14]} Nc7 {[%clk 0:01:23]} 59. Nd4
{[%clk 0:21:56]} Bd5 {[%clk 0:01:48]} 60. Bxd5 {[%clk 0:20:56]} Nxd5+
{[%clk 0:02:14]} 61. Kd2 {[%clk 0:21:03]} Nxb4 {[%clk 0:02:05]} 62. Nxb5
{[%clk 0:21:18]} Kd5 {[%clk 0:00:33]} 63. Nd6 {[%clk 0:21:40]} Ke6
{[%clk 0:00:34]} 64. Nb5 {[%clk 0:20:10]} Nc6 {[%clk 0:00:37]} 65. Kc3
{[%clk 0:06:45]} Kd5 {[%clk 0:00:45]} 66. Nd6 {[%clk 0:07:09]} Kxc5
{[%clk 0:00:55]} 67. Nxf5 {[%clk 0:07:27]} h5 {[%clk 0:01:04]} 68. Ng7
{[%clk 0:07:23]} Ne5 {[%clk 0:01:29]} 69. Nxh5 {[%clk 0:07:10]} Ng4
{[%clk 0:01:20]} 70. h4 {[%clk 0:06:24]} Nxe3 {[%clk 0:01:37]} 71. Nf6
{[%clk 0:06:51]} Nd5+ {[%clk 0:00:56]} 72. Nxd5 {[%clk 0:07:16]} Kxd5
{[%clk 0:01:23]} 73. h5 {[%clk 0:07:39]} Ke6 {[%clk 0:01:29]} 74. g4
{[%clk 0:08:05]} Ke5 {[%clk 0:01:02]} 75. Kd2 {[%clk 0:08:06]} Ke6
{[%clk 0:01:02]} 76. Ke3 {[%clk 0:07:04]} Ke5 {[%clk 0:01:31]} 77. h6
{[%clk 0:07:10]} Kf6 {[%clk 0:01:59]} 78. Kxe4 {[%clk 0:07:34]} Kg6
{[%clk 0:01:25]} 79. Ke5 {[%clk 0:07:59]} Kh7 {[%clk 0:00:55]} 80. Kf5
{[%clk 0:08:25]} Kxh6 {[%clk 0:01:07]} 81. Kf6 {[%clk 0:08:50]}  1-0

[Event "Prague Open 2022 - A IM Open"]
[Site "Olympik hotel, Prague"]
[Date "2022.01.09"]
[Round "4"]
[Board "6"]
[White "Jurcik, Marian"]
[Black "Bomans, Arno"]
[Result "1-0"]
[WhiteElo "2397"]
[BlackElo "2246"]
[PlyCount "0"]
[EventDate "2022.01.07"]
[EventRounds "9"]
[EventCountry "CZE"]

1. e4 {[%clk 1:26:30]} c5 {[%clk 1:30:54]} 2. Nf3 {[%clk 1:26:09]} Nc6
{[%clk 1:31:13]} 3. Bb5 {[%clk 1:25:16]} Nf6 {[%clk 1:31:18]} 4. Nc3
{[%clk 1:24:49]} g6 {[%clk 1:31:25]} 5. h3 {[%clk 1:24:41]} Bg7 {[%clk 1:31:22]}
6. e5 {[%clk 1:23:48]} Ng8 {[%clk 1:30:58]} 7. O-O {[%clk 1:23:52]} Nh6
{[%clk 1:29:46]} 8. Re1 {[%clk 1:20:22]} O-O {[%clk 1:27:10]} 9. d3
{[%clk 1:13:48]} Nf5 {[%clk 1:20:31]} 10. Bf4 {[%clk 1:13:02]} Ncd4
{[%clk 1:16:28]} 11. Bc4 {[%clk 1:09:06]} Nxf3+ {[%clk 1:15:01]} 12. Qxf3
{[%clk 1:09:23]} Nd4 {[%clk 1:15:23]} 13. Qd1 {[%clk 1:09:28]} Ne6
{[%clk 1:11:23]} 14. Bg3 {[%clk 1:06:44]} b6 {[%clk 1:06:30]} 15. Bd5
{[%clk 0:41:34]} Rb8 {[%clk 1:06:41]} 16. Ne4 {[%clk 0:30:21]} Bb7
{[%clk 0:56:40]} 17. Bxb7 {[%clk 0:30:25]} Rxb7 {[%clk 0:57:04]} 18. c3
{[%clk 0:30:42]} Rc7 {[%clk 0:47:25]} 19. Qg4 {[%clk 0:22:01]} Rc6
{[%clk 0:46:45]} 20. f4 {[%clk 0:20:52]} d5 {[%clk 0:41:45]} 21. Nd2
{[%clk 0:19:28]} Nc7 {[%clk 0:39:24]} 22. f5 {[%clk 0:18:10]} gxf5
{[%clk 0:38:51]} 23. Qxf5 {[%clk 0:18:33]} Rg6 {[%clk 0:35:23]} 24. Bh4
{[%clk 0:18:28]} Ne6 {[%clk 0:34:03]} 25. Rf1 {[%clk 0:13:05]} Bh6
{[%clk 0:33:24]} 26. Rad1 {[%clk 0:12:33]} Qc7 {[%clk 0:33:03]} 27. Kh1
{[%clk 0:09:20]} Ng7 {[%clk 0:25:15]} 28. Qf2 {[%clk 0:08:37]} e6
{[%clk 0:25:15]} 29. Nf3 {[%clk 0:07:33]} Nf5 {[%clk 0:25:02]} 30. Rde1
{[%clk 0:07:37]} Nxh4 {[%clk 0:20:30]} 31. Qxh4 {[%clk 0:04:24]} Qd8
{[%clk 0:18:30]} 32. Qh5 {[%clk 0:02:52]} Bg7 {[%clk 0:17:56]} 33. d4
{[%clk 0:02:26]} Rh6 {[%clk 0:13:10]} 34. Qg4 {[%clk 0:02:39]} Rg6
{[%clk 0:13:37]} 35. Qh5 {[%clk 0:02:50]} Rh6 {[%clk 0:14:04]} 36. Qg4
{[%clk 0:03:12]} Rg6 {[%clk 0:14:31]} 37. Qh4 {[%clk 0:01:17]} Qxh4
{[%clk 0:11:37]} 38. Nxh4 {[%clk 0:01:46]} Rg3 {[%clk 0:11:56]} 39. Nf3
{[%clk 0:01:41]} Bh6 {[%clk 0:12:21]} 40. Re2 {[%clk 0:00:38]} cxd4
{[%clk 0:04:22]} 41. cxd4 {[%clk 0:29:36]} Rc8 {[%clk 0:32:50]} 42. Kg1
{[%clk 0:27:45]} Rc4 {[%clk 0:28:03]} 43. Kf2 {[%clk 0:27:10]} Bf4
{[%clk 0:28:15]} 44. Rd1 {[%clk 0:25:15]} b5 {[%clk 0:24:12]} 45. Rd3
{[%clk 0:19:33]} b4 {[%clk 0:24:05]} 46. a3 {[%clk 0:17:42]} a5 {[%clk 0:23:56]}
47. axb4 {[%clk 0:17:55]} axb4 {[%clk 0:24:15]} 48. Rd1 {[%clk 0:14:05]} b3
{[%clk 0:21:57]} 49. Ne1 {[%clk 0:09:37]} f6 {[%clk 0:18:55]} 50. exf6
{[%clk 0:08:49]} Rg6 {[%clk 0:18:16]} 51. Rxe6 {[%clk 0:03:17]} Kf7
{[%clk 0:14:17]} 52. Rb6 {[%clk 0:01:07]} Rc2+ {[%clk 0:11:18]} 53. Kf1
{[%clk 0:01:15]} Rg3 {[%clk 0:02:12]} 54. Rxb3 {[%clk 0:00:38]} Rxb3
{[%clk 0:02:31]} 55. Nxc2 {[%clk 0:01:07]} Rxb2 {[%clk 0:02:57]} 56. Ne1
{[%clk 0:01:20]} Be3 {[%clk 0:02:27]} 57. Nd3 {[%clk 0:01:00]} Rb3
{[%clk 0:01:27]} 58. Nc5 {[%clk 0:00:37]} Rb2 {[%clk 0:01:10]} 59. Rd3
{[%clk 0:00:34]} Bg5 {[%clk 0:01:10]} 60. Rf3 {[%clk 0:00:37]} Rb1+
{[%clk 0:00:42]} 61. Ke2 {[%clk 0:00:54]} Rb2+ {[%clk 0:01:10]} 62. Kd3
{[%clk 0:00:45]} Rxg2 {[%clk 0:00:32]} 63. Nd7 {[%clk 0:00:51]} Ra2
{[%clk 0:00:46]} 64. Ne5+ {[%clk 0:00:46]} Kf8 {[%clk 0:01:03]} 65. Nd7+
{[%clk 0:00:44]} Kf7 {[%clk 0:01:31]} 66. Ne5+ {[%clk 0:01:09]} Kf8
{[%clk 0:02:00]} 67. f7 {[%clk 0:00:51]} Ra3+ {[%clk 0:00:50]} 68. Ke2
{[%clk 0:01:11]} Ra2+ {[%clk 0:00:54]} 69. Kf1 {[%clk 0:01:21]} Ra1+
{[%clk 0:00:54]} 70. Kg2 {[%clk 0:01:45]} Ra7 {[%clk 0:00:40]} 71. Kg3
{[%clk 0:01:16]} Be7 {[%clk 0:00:40]} 72. Kg4 {[%clk 0:00:49]} Bd6
{[%clk 0:00:34]} 73. Kf5 {[%clk 0:01:13]} Re7 {[%clk 0:00:40]} 74. Rd3
{[%clk 0:00:35]} Bb8 {[%clk 0:00:33]} 75. Kf6 {[%clk 0:00:39]} Rb7
{[%clk 0:00:32]} 76. Ke6 {[%clk 0:00:42]} Re7+ {[%clk 0:00:32]} 77. Kxd5
{[%clk 0:00:49]} Bxe5 {[%clk 0:00:59]} 78. dxe5 {[%clk 0:01:10]} Rxf7
{[%clk 0:00:31]} 79. Ra3 {[%clk 0:00:58]} Rd7+ {[%clk 0:00:33]} 80. Ke6
{[%clk 0:01:17]} Re7+ {[%clk 0:01:01]} 81. Kd6 {[%clk 0:01:42]} Rb7
{[%clk 0:01:21]} 82. Ra8+ {[%clk 0:01:48]} Kg7 {[%clk 0:01:49]} 83. e6
{[%clk 0:01:29]} Rb6+ {[%clk 0:00:54]} 84. Kd7 {[%clk 0:01:48]} Rb7+
{[%clk 0:00:33]} 85. Kc6 {[%clk 0:02:09]} Rb3 {[%clk 0:00:51]} 86. e7
{[%clk 0:02:33]}  1-0

[Event "Prague Open 2022 - A IM Open"]
[Site "Olympik hotel, Prague"]
[Date "2022.01.09"]
[Round "4"]
[Board "7"]
[White "Dev, Shah"]
[Black "Czerw, Dawid"]
[Result "1/2-1/2"]
[WhiteElo "2248"]
[BlackElo "2396"]
[PlyCount "0"]
[EventDate "2022.01.07"]
[EventRounds "9"]
[EventCountry "CZE"]

1. d4 {[%clk 1:30:49]} d5 {[%clk 1:30:56]} 2. c4 {[%clk 1:31:10]} c6
{[%clk 1:31:22]} 3. Nf3 {[%clk 1:31:32]} Nf6 {[%clk 1:31:47]} 4. g3
{[%clk 1:31:47]} Bf5 {[%clk 1:31:15]} 5. Nc3 {[%clk 1:32:02]} e6 {[%clk 1:31:30]}
6. Nh4 {[%clk 1:31:48]} Bg4 {[%clk 1:19:56]} 7. h3 {[%clk 1:31:12]} Bh5
{[%clk 1:20:20]} 8. Qb3 {[%clk 1:27:11]} Qb6 {[%clk 1:15:47]} 9. c5
{[%clk 1:25:51]} Qc7 {[%clk 1:13:35]} 10. Bf4 {[%clk 1:24:59]} Qc8
{[%clk 1:12:24]} 11. g4 {[%clk 1:11:39]} Bg6 {[%clk 1:12:42]} 12. Nxg6
{[%clk 1:12:00]} hxg6 {[%clk 1:13:04]} 13. Bg2 {[%clk 1:12:22]} Nbd7
{[%clk 1:11:34]} 14. g5 {[%clk 1:04:50]} Ng8 {[%clk 1:07:00]} 15. e4
{[%clk 1:03:08]} Ne7 {[%clk 1:07:01]} 16. exd5 {[%clk 0:58:22]} Nxd5
{[%clk 1:05:43]} 17. Bxd5 {[%clk 0:53:48]} exd5 {[%clk 1:03:51]} 18. O-O-O
{[%clk 0:53:39]} Be7 {[%clk 1:03:04]} 19. Rde1 {[%clk 0:24:07]} Nf8
{[%clk 0:59:51]} 20. h4 {[%clk 0:23:37]} Ne6 {[%clk 0:54:27]} 21. Be5
{[%clk 0:22:45]} Qd7 {[%clk 0:36:13]} 22. Ne2 {[%clk 0:20:37]} f6
{[%clk 0:26:20]} 23. gxf6 {[%clk 0:14:39]} gxf6 {[%clk 0:26:47]} 24. Bg3
{[%clk 0:14:50]} Kf7 {[%clk 0:25:55]} 25. Qd3 {[%clk 0:12:37]} b6
{[%clk 0:24:22]} 26. Nf4 {[%clk 0:07:13]} Nxf4 {[%clk 0:23:29]} 27. Bxf4
{[%clk 0:07:34]} Rh5 {[%clk 0:20:26]} 28. Rh3 {[%clk 0:05:11]} bxc5
{[%clk 0:17:18]} 29. Rhe3 {[%clk 0:04:38]} Bf8 {[%clk 0:16:59]} 30. Re6
{[%clk 0:02:45]} Rf5 {[%clk 0:07:49]} 31. h5 {[%clk 0:02:22]} Rxh5
{[%clk 0:07:54]} 32. dxc5 {[%clk 0:02:23]} Bxc5 {[%clk 0:04:59]} 33. Qc3
{[%clk 0:01:15]} d4 {[%clk 0:05:28]} 34. Qb3 {[%clk 0:01:38]} Kg7
{[%clk 0:05:27]} 35. Qf3 {[%clk 0:00:43]} Qd5 {[%clk 0:04:13]} 36. Qxd5
{[%clk 0:01:07]} Rxd5 {[%clk 0:04:13]} 37. Rxc6 {[%clk 0:01:34]} g5
{[%clk 0:04:06]} 38. Bd2 {[%clk 0:01:31]} Rad8 {[%clk 0:03:52]} 39. b4
{[%clk 0:01:04]} Bd6 {[%clk 0:03:22]} 40. Kc2 {[%clk 0:00:33]} d3+
{[%clk 0:01:40]} 41. Kb3 {[%clk 0:00:36]} Be5 42. Be3 {[%clk 0:24:51]} R8d7
{[%clk 0:15:36]} 43. Rd1 {[%clk 0:23:57]} g4 {[%clk 0:03:40]} 44. Ra6
{[%clk 0:21:14]} Bb8 {[%clk 0:02:39]} 45. Bd2 {[%clk 0:12:27]} f5
{[%clk 0:02:27]} 46. Re1 {[%clk 0:10:57]} Be5 {[%clk 0:02:05]} 47. Kc4
{[%clk 0:07:02]} Bd4 {[%clk 0:02:07]} 48. Ree6 {[%clk 0:07:09]} Bb6
{[%clk 0:01:53]} 49. a4 {[%clk 0:05:00]} f4 {[%clk 0:01:25]} 50. a5
{[%clk 0:04:56]} Bxf2 {[%clk 0:01:39]} 51. Rg6+ {[%clk 0:04:18]} Kf7
{[%clk 0:02:03]} 52. Raf6+ {[%clk 0:04:35]} Ke7 {[%clk 0:02:10]} 53. Re6+
{[%clk 0:04:43]} Kf7 {[%clk 0:01:01]}  1/2-1/2

[Event "Prague Open 2022 - A IM Open"]
[Site "Olympik hotel, Prague"]
[Date "2022.01.09"]
[Round "4"]
[Board "8"]
[White "Novotny, Michal"]
[Black "Hrabusa, Matej"]
[Result "1/2-1/2"]
[WhiteElo "2243"]
[BlackElo "2364"]
[PlyCount "0"]
[EventDate "2022.01.07"]
[EventRounds "9"]
[EventCountry "CZE"]

1. d4 {[%clk 1:13:18]} Nf6 {[%clk 1:30:52]} 2. c4 {[%clk 1:13:40]} c5
{[%clk 1:31:17]} 3. d5 {[%clk 1:14:03]} b5 {[%clk 1:31:40]} 4. cxb5
{[%clk 1:14:21]} a6 {[%clk 1:32:04]} 5. bxa6 {[%clk 1:14:48]} g6 {[%clk 1:32:24]}
6. Nc3 {[%clk 1:15:09]} Bxa6 {[%clk 1:32:32]} 7. e4 {[%clk 1:15:23]} Bxf1
{[%clk 1:32:51]} 8. Kxf1 {[%clk 1:15:48]} d6 {[%clk 1:33:05]} 9. Nf3
{[%clk 1:16:09]} Bg7 {[%clk 1:33:18]} 10. g3 {[%clk 1:16:32]} O-O
{[%clk 1:33:34]} 11. Kg2 {[%clk 1:16:59]} Nbd7 {[%clk 1:33:32]} 12. h3
{[%clk 1:16:57]} Qa5 {[%clk 1:33:35]} 13. Re1 {[%clk 1:17:04]} Rfb8
{[%clk 1:34:00]}  1/2-1/2

[Event "Prague Open 2022 - A IM Open"]
[Site "Olympik hotel, Prague"]
[Date "2022.01.09"]
[Round "4"]
[Board "9"]
[White "Hrbek, Stepan"]
[Black "Sorm, Daniel"]
[Result "1-0"]
[WhiteElo "2235"]
[BlackElo "2345"]
[PlyCount "0"]
[EventDate "2022.01.07"]
[EventRounds "9"]
[EventCountry "CZE"]

1. c4 {[%clk 1:30:40]} e5 {[%clk 1:26:46]} 2. g3 {[%clk 1:31:01]} d6
{[%clk 1:24:21]} 3. Nc3 {[%clk 1:30:27]} f5 {[%clk 1:24:23]} 4. Bg2
{[%clk 1:30:36]} Nf6 {[%clk 1:24:33]} 5. d3 {[%clk 1:30:47]} Be7 {[%clk 1:23:57]}
6. f4 {[%clk 1:31:08]} exf4 {[%clk 1:22:31]} 7. gxf4 {[%clk 1:30:42]} Ng4
{[%clk 1:22:21]} 8. Nf3 {[%clk 1:27:45]} Bh4+ {[%clk 1:22:13]} 9. Kf1
{[%clk 1:27:10]} Bf2 {[%clk 1:12:41]} 10. d4 {[%clk 1:08:35]} Be3
{[%clk 1:08:30]} 11. Qd3 {[%clk 1:08:00]} Bxc1 {[%clk 1:08:42]} 12. Rxc1
{[%clk 1:08:23]} O-O {[%clk 1:07:51]} 13. h3 {[%clk 0:56:23]} Nf6
{[%clk 1:08:12]} 14. e3 {[%clk 0:48:18]} Na6 {[%clk 1:05:22]} 15. a3
{[%clk 0:47:25]} c6 {[%clk 1:05:33]} 16. Nd2 {[%clk 0:45:18]} Bd7
{[%clk 1:00:57]} 17. Bf3 {[%clk 0:43:28]} Qe7 {[%clk 0:55:54]} 18. Kf2
{[%clk 0:39:01]} Nc7 {[%clk 0:54:03]} 19. Rcg1 {[%clk 0:38:19]} d5
{[%clk 0:47:41]} 20. Rg3 {[%clk 0:37:33]} Ne4+ {[%clk 0:46:02]} 21. Bxe4
{[%clk 0:37:07]} fxe4 {[%clk 0:46:14]} 22. Qe2 {[%clk 0:37:30]} Qh4
{[%clk 0:40:01]} 23. Kg2 {[%clk 0:37:53]} Rf6 {[%clk 0:35:47]} 24. Rg5
{[%clk 0:35:13]} Rh6 {[%clk 0:28:39]} 25. Qf2 {[%clk 0:35:19]} Qxf2+
{[%clk 0:21:25]} 26. Kxf2 {[%clk 0:35:38]} Rxh3 {[%clk 0:21:53]} 27. Rxh3
{[%clk 0:34:35]} Bxh3 {[%clk 0:22:21]} 28. cxd5 {[%clk 0:34:35]} cxd5
{[%clk 0:21:54]} 29. Nxd5 {[%clk 0:34:33]} Nxd5 {[%clk 0:21:54]} 30. Rxd5
{[%clk 0:34:53]} Rc8 {[%clk 0:21:59]} 31. Nxe4 {[%clk 0:25:06]} Rc2+
{[%clk 0:22:17]} 32. Kg3 {[%clk 0:25:30]} Bg2 {[%clk 0:22:27]} 33. Rd8+
{[%clk 0:25:40]} Kf7 {[%clk 0:22:51]} 34. Ng5+ {[%clk 0:25:32]} Kg6
{[%clk 0:21:05]} 35. Rd6+ {[%clk 0:19:42]} Kh5 {[%clk 0:19:54]} 36. Nxh7
{[%clk 0:19:46]} Bh1 {[%clk 0:16:45]} 37. Ng5 {[%clk 0:06:01]} g6
{[%clk 0:09:44]} 38. Rd7 {[%clk 0:05:59]}  1-0